[Event "Staufer op 21st"]
[White "Limberg, Siegfried"]
[Black "Frey, Walter"]
[Site "Schwaebisch Gmuend"]
[Round "6"]
[Result "1-0"]
[Date "2009.01.05"]
[WhiteElo "2102"]
[BlackElo "1931"]
[PlyCount "77"]
[EventDate "2009.01.02"]
[EventType "swiss"]
[EventRounds "9"]
[EventCountry "GER"]
[SourceTitle "CBM 128 Extra"]
[Source "ChessBase"]
[SourceDate "2009.03.05"]
[SourceVersion "2"]
[SourceVersionDate "2009.03.25"]
[SourceQuality "1"]

1. d4 Nf6 2. Nf3 c5 3. e3 e6 4. Bd3 d5 5. c3 b6 6. 0-0 Bb7 7. Ne5 Nfd7 8. f4 g6 9. Bd2 Bg7 10. Be1 0-0 11. Qe2 f5 12. Nd2 Nc6 13. g4 Nf6 14. Bh4 Qc7 15. Bxf6 Bxf6 16. Qg2 Nxe5 17. fxe5 Bg5 18. Rae1 f4 19. Nf3 Be7 20. e4 dxe4 21. Bxe4 Rf7 22. Nd2 Bg5 23. Bxb7 Qxb7 24. Qxb7 Rxb7 25. Ne4 Bh4 26. Re2 cxd4 27. cxd4 g5 28. Rc2 Rd8 29. Nd6 Rbd7 30. Kg2 Rf8 31. Kf3 Kg7 32. Rfc1 h5 33. h3 Kg6 34. Rc7 Rfd8 35. a4 hxg4+ 36. hxg4 Kg7 37. Nb7 Kg6 38. Nxd8 Rxd8 39. R1c6 1-0

[Event "Chiemgau Seniors Cup 3th"]
[White "Frey, Walter"]
[Black "Zehfuss, Helmut"]
[Site "Bergen"]
[Round "9"]
[Result "1/2-1/2"]
[Date "2007.10.30"]
[WhiteElo "1680"]
[BlackElo "1831"]
[PlyCount "112"]
[EventDate "2007.10.22"]
[EventType "swiss"]
[EventRounds "9"]
[EventCountry "GER"]
[SourceTitle "EXT 2008"]
[Source "ChessBase"]
[SourceDate "2007.11.25"]
[SourceVersion "1"]
[SourceVersionDate "2007.11.25"]
[SourceQuality "1"]

1. e4 c5 2. Nc3 Nc6 3. Nf3 d6 4. d3 g6 5. Ne2 Bg7 6. g3 e6 7. Bg2 Nge7 8. c3 0-0 9. d4 Qa5 10. 0-0 cxd4 11. Nfxd4 d5 12. Be3 Nxd4 13. Nxd4 dxe4 14. Bxe4 Nd5 15. Nb3 Qd8 16. Bd4 Nf6 17. Bg2 Qc7 18. Qe2 Bd7 19. Rfd1 Bc6 20. Qe5 Qxe5 21. Bxe5 Nd5 22. Bxg7 Kxg7 23. Rd2 Ne7 24. Rad1 Rac8 25. Na5 Bxg2 26. Kxg2 b6 27. Nb3 Nd5 28. Rd4 b5 29. Nd2 Rc6 30. c4 bxc4 31. Rxc4 Rfc8 32. Rdc1 Rxc4 33. Rxc4 Rxc4 34. Nxc4 Kf8 35. f4 f6 36. Kf3 Ke7 37. Ke4 Kd7 38. Kd4 Kc6 39. a4 h5 40. h4 Nb4 41. Na5+ Kb6 42. Nc4+ Kc6 43. Na5+ Kc7 44. Kc3 Nd5+ 45. Kd4 Ne7 46. Ke4 Nf5 47. Kf3 Kb6 48. b4 Nd4+ 49. Ke4 Nc2 50. Nc4+ Kc6 51. Na5+ Kc7 52. b5 Nb4 53. Nc4 Nd5 54. Kd4 Ne7 55. Ke4 Nf5 56. Kf3 Nd4+ 1/2-1/2

[Event "Chiemgau Seniors Cup 3th"]
[White "Frey, Walter"]
[Black "Sandner, Josef"]
[Site "Bergen"]
[Round "6"]
[Result "1/2-1/2"]
[Date "2007.10.27"]
[WhiteElo "1680"]
[BlackElo "1489"]
[PlyCount "52"]
[EventDate "2007.10.22"]
[EventType "swiss"]
[EventRounds "9"]
[EventCountry "GER"]
[SourceTitle "EXT 2008"]
[Source "ChessBase"]
[SourceDate "2007.11.25"]
[SourceVersion "1"]
[SourceVersionDate "2007.11.25"]
[SourceQuality "1"]

1. d4 d5 2. Nf3 c6 3. c3 e6 4. Bf4 Nf6 5. e3 Bd6 6. Bg3 Ne4 7. Bxd6 Qxd6 8. Nbd2 f5 9. Ne5 g6 10. Be2 Nxd2 11. Qxd2 Nd7 12. Nxd7 Bxd7 13. f4 Qe7 14. h4 0-0-0 15. b4 h6 16. 0-0-0 Kc7 17. Rh2 Ra8 18. Qb2 b5 19. Kd2 a6 20. Rdh1 h5 21. Ra1 Ra7 22. g3 Rha8 23. Rhh1 a5 24. a3 axb4 25. axb4 Qd8 26. Rxa7+ Rxa7 1/2-1/2

[Event "Chiemgau Seniors Cup 3th"]
[White "Frey, Walter"]
[Black "Goetz, Manfred"]
[Site "Bergen"]
[Round "2"]
[Result "0-1"]
[Date "2007.10.23"]
[WhiteElo "1680"]
[BlackElo "1576"]
[PlyCount "52"]
[EventDate "2007.10.22"]
[EventType "swiss"]
[EventRounds "9"]
[EventCountry "GER"]
[SourceTitle "EXT 2008"]
[Source "ChessBase"]
[SourceDate "2007.11.25"]
[SourceVersion "1"]
[SourceVersionDate "2007.11.25"]
[SourceQuality "1"]

1. Nf3 Nf6 2. c4 e5 3. g3 b6 4. Bg2 Bb7 5. 0-0 Be7 6. Nc3 c5 7. d3 d5 8. cxd5 Nxd5 9. Bd2 0-0 10. Rc1 Nd7 11. Qc2 Nxc3 12. Bxc3 Rc8 13. Qd2 Bd5 14. Bxe5 Bf6 15. Bxf6 Qxf6 16. Rc3 Rc7 17. Rfc1 Rfc8 18. d4 h6 19. b4 Qe7 20. Qc2 Nf6 21. bxc5 Be4 22. Qb2 bxc5 23. Rxc5 Rxc5 24. Rxc5 Rxc5 25. Qa3 Rc7 26. Qxe7 Rxe7 0-1

[Event "Bayern-ch Seniors 17th"]
[White "Frey, Walter"]
[Black "Zoll, Theobald"]
[Site "Schloss Schney"]
[Round "9"]
[Result "1/2-1/2"]
[Date "2005.06.18"]
[WhiteElo "1680"]
[BlackElo "1495"]
[PlyCount "52"]
[EventDate "2005.06.10"]
[EventType "swiss"]
[EventRounds "9"]
[EventCountry "GER"]
[SourceTitle "EXT 2006"]
[Source "ChessBase"]
[SourceDate "2005.11.24"]
[SourceVersion "1"]
[SourceVersionDate "2005.11.24"]
[SourceQuality "1"]

1. d4 Nf6 2. Nf3 e6 3. Bf4 d5 4. e3 Nc6 5. Nbd2 Be7 6. h3 0-0 7. Be2 Na5 8. 0-0 c5 9. c3 Nc6 10. Ne5 Qb6 11. Qc2 Bd7 12. Rac1 Rac8 13. Qb1 a6 14. Nxd7 Nxd7 15. Bd3 Nf6 16. g4 g6 17. Kg2 Qd8 18. a4 c4 19. Bc2 b5 20. f3 Kg7 21. e4 dxe4 22. Nxe4 Nd5 23. Bd2 Bh4 24. f4 f5 25. Nc5 Nc7 26. gxf5 exf5 1/2-1/2

[Event "Bad Woerishofen Seniors op 21st"]
[White "Frey, Walter"]
[Black "Xander, Karl"]
[Site "Bad Woerishofen"]
[Round "5"]
[Result "1/2-1/2"]
[Date "2005.03.07"]
[WhiteElo "1707"]
[BlackElo "1886"]
[PlyCount "33"]
[EventDate "2005.03.03"]
[EventType "swiss"]
[EventRounds "9"]
[EventCountry "GER"]
[SourceTitle "EXT 2006"]
[Source "ChessBase"]
[SourceDate "2005.11.24"]
[SourceVersion "1"]
[SourceVersionDate "2005.11.24"]
[SourceQuality "1"]

1. Nf3 d5 2. d4 Nf6 3. Bf4 e6 4. e3 Bb4+ 5. c3 Be7 6. h3 0-0 7. Nbd2 Nbd7 8. Ne5 c5 9. Bd3 Qb6 10. Qb3 Qxb3 11. axb3 Nxe5 12. Bxe5 Nd7 13. Bh2 f6 14. Nf3 b6 15. 0-0 Bb7 16. Rfe1 f5 17. Ne5 1/2-1/2

[Event "Schwarzwald Seniors op 12th"]
[White "Frey, Walter"]
[Black "Petroschka, Bernd"]
[Site "Steinach"]
[Round "3"]
[Result "1/2-1/2"]
[Date "2004.04.03"]
[WhiteElo "1686"]
[BlackElo "1771"]
[PlyCount "84"]
[EventDate "2004.03.29"]
[EventType "swiss"]
[EventRounds "9"]
[EventCountry "GER"]
[SourceTitle "EXT 2006"]
[Source "ChessBase"]
[SourceDate "2005.11.24"]
[SourceVersion "1"]
[SourceVersionDate "2005.11.24"]
[SourceQuality "1"]

1. Nf3 d5 2. d4 e6 3. Bf4 Bd6 4. Bg3 Nf6 5. e3 0-0 6. Bh4 Nbd7 7. Nbd2 c5 8. c3 Qc7 9. Be2 b6 10. 0-0 Bb7 11. Bg3 Bxg3 12. hxg3 a6 13. a4 c4 14. Qc2 b5 15. a5 Rab8 16. b4 cxb3 17. Qxb3 Rbc8 18. Rfc1 Ne8 19. Ne1 Nd6 20. f4 Nc4 21. Nxc4 dxc4 22. Qc2 Nf6 23. Bf3 Bc6 24. Kf2 Qb7 25. Qb2 Bxf3 26. gxf3 Nd5 27. e4 Ne7 28. Nc2 f5 29. e5 Nd5 30. Nb4 Nxb4 31. Qxb4 Qc7 32. Ra2 Rcd8 33. Rh1 Rf7 34. Ke3 g6 35. Rd2 Rd5 36. Ra2 Rdd7 37. Rd1 Qc6 38. Rad2 Rd5 39. Ra1 Qc7 40. Rh2 Rg7 41. Rah1 Qd8 42. Rh6 Qc7 1/2-1/2

[Event "Bayern-ch Seniors 15th"]
[White "Thonig, Manfred"]
[Black "Frey, Walter"]
[Site "Schloss Schney"]
[Round "7.23"]
[Result "0-1"]
[Date "2003.06.19"]
[WhiteElo "1521"]
[BlackElo "1709"]
[PlyCount "76"]
[EventDate "2003.06.13"]
[EventType "swiss"]
[EventRounds "9"]
[EventCountry "GER"]
[SourceTitle "EXT 2004"]
[Source "ChessBase"]
[SourceDate "2003.11.25"]
[SourceVersion "1"]
[SourceVersionDate "2003.11.25"]
[SourceQuality "1"]

1. f4 Nf6 2. b3 d5 3. Nf3 Bf5 4. e3 e6 5. Be2 Bc5 6. Bb2 0-0 7. d4 Be7 8. Nbd2 c5 9. Ne5 Nc6 10. Nxc6 bxc6 11. Nf3 Qa5+ 12. c3 cxd4 13. Nxd4 Qb6 14. 0-0 c5 15. Nxf5 exf5 16. Rf3 c4 17. b4 Rad8 18. Rh3 Ne4 19. a4 a5 20. b5 Bf6 21. Qe1 Rfe8 22. Rd1 Nc5 23. Bf3 Nxa4 24. Bxd5 Nxb2 25. Bxf7+ Kxf7 26. Rxd8 Rxd8 27. Qe2 Nd3 28. Qh5+ Ke6 29. g4 Qxb5 30. gxf5+ Qxf5 31. Qf3 Ne5 32. fxe5 Qxf3 33. Rxf3 Bxe5 34. Rh3 Rd1+ 35. Kf2 Rd2+ 36. Kf3 Rxh2 37. Rxh2 Bxh2 38. Ke2 a4 0-1

[Event "Wuerttemberg-ch Seniors 15th"]
[White "Frey, Walter"]
[Black "Sielaff, Rudolf"]
[Site "Ellwangen"]
[Round "9"]
[Result "1/2-1/2"]
[Date "2003.04.19"]
[WhiteElo "1699"]
[BlackElo "1952"]
[PlyCount "43"]
[EventDate "2003.04.??"]
[EventType "swiss"]
[EventRounds "9"]
[EventCountry "GER"]
[SourceTitle "EXT 2006"]
[Source "ChessBase"]
[SourceDate "2005.11.24"]
[SourceVersion "1"]
[SourceVersionDate "2005.11.24"]
[SourceQuality "1"]

1. Nf3 d5 2. g3 c6 3. Bg2 Bf5 4. 0-0 Nf6 5. c4 e6 6. d4 Be7 7. Nc3 0-0 8. b3 Ne4 9. Bb2 Qa5 10. Nxe4 Bxe4 11. Qd2 Qc7 12. Ne1 Bxg2 13. Nxg2 Nd7 14. f3 Nf6 15. Rae1 Rad8 16. Qc2 dxc4 17. bxc4 c5 18. e3 Rc8 19. d5 exd5 20. Bxf6 Bxf6 21. cxd5 Rfd8 22. e4 1/2-1/2

[Event "Wuerttemberg-ch Seniors 15th"]
[White "Schuler, Georg"]
[Black "Frey, Walter"]
[Site "Ellwangen"]
[Round "6"]
[Result "1-0"]
[Date "2003.04.16"]
[WhiteElo "1833"]
[BlackElo "1699"]
[PlyCount "85"]
[EventDate "2003.04.??"]
[EventType "swiss"]
[EventRounds "9"]
[EventCountry "GER"]
[SourceTitle "EXT 2006"]
[Source "ChessBase"]
[SourceDate "2005.11.24"]
[SourceVersion "1"]
[SourceVersionDate "2005.11.24"]
[SourceQuality "1"]

1. c4 Nf6 2. Nc3 d5 3. cxd5 Nxd5 4. g3 c5 5. Bg2 Nc7 6. Nf3 Nc6 7. 0-0 e5 8. d3 Be7 9. b3 0-0 10. Ba3 Rb8 11. Rc1 Be6 12. Qd2 f6 13. Qe3 Nd4 14. Ne4 b6 15. Bb2 Qd7 16. Qd2 Nxf3+ 17. Bxf3 Rfd8 18. Qc2 Nb5 19. Bg2 Rbc8 20. Qd1 Nd4 21. Bxd4 cxd4 22. Qd2 Ba3 23. Rxc8 Rxc8 24. f4 Qc7 25. fxe5 fxe5 26. Ng5 Qd7 27. Be4 g6 28. Nf3 Qg7 29. Ng5 Qh6 30. h4 Be7 31. Bg2 Bxg5 32. hxg5 Qg7 33. Rf6 Bf7 34. Bh3 Rc7 35. e3 Qf8 36. exd4 exd4 37. Qf4 Qc5 38. Kh2 Kg7 39. Rd6 Qc2+ 40. Bg2 Re7 41. Qf6+ Kf8 42. Rd8+ Re8 43. Rd7 1-0

[Event "Wuerttemberg-ch Seniors 15th"]
[White "Giering, Helmut"]
[Black "Frey, Walter"]
[Site "Ellwangen"]
[Round "4"]
[Result "1/2-1/2"]
[Date "2003.04.14"]
[WhiteElo "1733"]
[BlackElo "1699"]
[PlyCount "39"]
[EventDate "2003.04.??"]
[EventType "swiss"]
[EventRounds "9"]
[EventCountry "GER"]
[SourceTitle "EXT 2006"]
[Source "ChessBase"]
[SourceDate "2005.11.24"]
[SourceVersion "1"]
[SourceVersionDate "2005.11.24"]
[SourceQuality "1"]

1. Nf3 Nf6 2. c4 c5 3. b3 e6 4. Bb2 Be7 5. g3 0-0 6. Bg2 Nc6 7. 0-0 a6 8. Nc3 Qc7 9. e3 b6 10. d4 cxd4 11. Nxd4 Bb7 12. Nxc6 Bxc6 13. Qc2 d5 14. cxd5 Bxd5 15. e4 Bb7 16. Rac1 Rac8 17. Qe2 Qb8 18. Rc2 Rc7 19. Rfc1 Rfc8 20. Kh1 1/2-1/2

[Event "Wuerttemberg-ch Seniors 15th"]
[White "Frey, Walter"]
[Black "Dietz, Kurt"]
[Site "Ellwangen"]
[Round "3"]
[Result "1-0"]
[Date "2003.04.13"]
[WhiteElo "1699"]
[BlackElo "1483"]
[PlyCount "28"]
[EventDate "2003.04.??"]
[EventType "swiss"]
[EventRounds "9"]
[EventCountry "GER"]
[SourceTitle "EXT 2006"]
[Source "ChessBase"]
[SourceDate "2005.11.24"]
[SourceVersion "1"]
[SourceVersionDate "2005.11.24"]
[SourceQuality "1"]

1. Nf3 Nf6 2. c4 e6 3. g3 d5 4. Bg2 Bc5 5. 0-0 0-0 6. d4 Be7 7. Nc3 c6 8. b3 Nbd7 9. Bg5 h6 10. Bd2 Re8 11. Qc2 Rb8 12. Rfe1 c5 13. Bf4 Ra8 14. Nb5 cxd4 1-0